000 00891 a2200241 4500
010 _aENG-89613
020 _c50.00
_a8126017996
035 _aEN-73146
037 _bDBAD / VEN
082 1 4 _aN
090 _c11310
_d11310
100 1 _aBedi, Rajinder Singh
245 1 _aOrdained by fate/
_cby Rajinder Singh Bedi; English translation by Avtar Singh
246 _aEk chadar maili si
260 _aNew Delhi
_bSahitya Akademi
_cn.d.
260 _aDelhi :
_bNorth India Publishers & Distributors
270 _aRavindra Bhawan, 35, Ferozshah Road
_bNew Delhi
_e110 001
300 _a105p.
_c23 cm ( Pbk.)
500 _aThis English translion by Avtar Singh of Rajinder Singh Bedi's Urdu novel Ek chadar maili si
700 _aJudge, Avtar Singh
942 _adpl
_cEN
_kN / BED
999 _c11004
_d11004